Włoska imigracja według państw - Statystyki

Ogólne statystyki
  • Ten quiz został rozwiązany 76 razy
  • Średni wynik to 9 z 17
Statystyki odpowiedzi
Liczba imigrantów Państwo % Poprawnych
95,727 Polska
93%
416,531 Maroko
81%
290,681 Chiny
76%
119,513 Egipt
73%
151,791 Indie
73%
93,795 Tunezja
67%
237,047 Ukraina
67%
1,190.091 Rumunia
66%
440,465 Albania
64%
114,198 Pakistan
58%
131,967 Bangladesz
51%
106,069 Nigeria
46%
167,859 Filipiny
45%
105,937 Senegal
30%
131,815 Mołdawia
22%
107,967 Sri Lanka
21%
97,397 Peru
13%
Nie znaleziono quizów pasujących do podanych kryteriów
Rozkład punktacji
Procent ludzi z każdym wynikiem
Percentyl według liczby udzielonych odpowiedzi
Twoja historia wyników
Nie rozwiązałeś tego quizu